|
|
|
|
| LEADER |
00786pam a22002058a 4500 |
| 001 |
00000702 |
| 005 |
20171026081022.0 |
| 008 |
110323s2007 ||||||Viesd |
| 041 |
0 |
# |
|a Vie
|
| 082 |
1 |
4 |
|a 959.704 332
|b M305N
|
| 100 |
0 |
# |
|a Trương Giang Long
|
| 245 |
0 |
0 |
|a Miền Nam thành đồng cùng cả nước 20 năm đổi mới
|b Tạp chí Cộng sản
|c Trương Giang Long
|
| 260 |
# |
# |
|a Tp.HCM
|b Công an nhân dân
|c 2007
|
| 300 |
# |
# |
|a 316 tr.
|b Ảnh màu
|c 29 cm.
|
| 650 |
# |
4 |
|a Miền Nam
|
| 653 |
# |
# |
|a Đổi mới
|a Kinh tế
|a Xã hội
|a Miền Nam
|a Thành đồng
|
| 852 |
# |
# |
|b Kho đọc
|j KD.0000632
|
| 852 |
# |
# |
|j KD.0000632
|
| 910 |
|
|
|d 23/03/2011
|
| 980 |
# |
# |
|a Trung tâm Học liệu Lê Vũ Hùng, Trường Đại học Đồng Tháp
|